00630nam a2200169Ia 4500020001500000020001500015082001600030100002300046245010200069260004800171300001000219546001200229700001600241942001200257999001900269952017200288 a8171582028 a8171582044 a330bROY/EN aRoy Chowdhury, S K aEncyclopaedia of economic development V.2: bpublic sector in India: role, problems and prospects aNew DelhibAkashdeep Publishing Housec1991 a320p. aEnglish aShukla, P R 2ddccBK c161647d161647 00102ddc40718GenaKAUCLVbKAUCLVcGENERALd2018-09-07l0o330 ROY/ENp906182r2018-09-07 00:00:00w2018-09-07yBKzBook transferred from CoH Library, Acc.No: 23577